[Event "Steinfurt Bezirksliga 0506"]
[Site "Germany"]
[Date "2006.02.04"]
[Round "6.5"]
[White "Gildehaus, Simon"]
[Black "Winter, Reinhold"]
[Result "1-0"]
[WhiteElo "1517"]
[BlackElo "1521"]
[PlyCount "129"]
[EventDate "2005.09.24"]
[EventType "team-tourn"]
[EventRounds "9"]
[EventCountry "GER"]
[SourceTitle "EXT 2006"]
[Source "ChessBase"]
[SourceDate "2005.11.24"]
[SourceVersion "1"]
[SourceVersionDate "2005.11.24"]
[SourceQuality "1"]
[WhiteTeam "Falke Saerbeck III"]
[BlackTeam "Neuenkirchen II"]
[WhiteTeamCountry "GER"]
[BlackTeamCountry "GER"]

1. e4 e6 2. d4 d5 3. exd5 exd5 4. Bd3 Nf6 5. Bg5 Be7 6. h3 h6 7. Bh4 0-0 8. Nf3 Ne4 9. Bxe7 Qxe7 10. 0-0 Qb4 11. Qc1 Qd6 12. Nbd2 Nxd2 13. Qxd2 Nd7 14. Rfe1 Nf6 15. Re2 Be6 16. Rae1 Rac8 17. Nh4 c5 18. dxc5 Qxc5 19. Bf5 Bxf5 20. Nxf5 Ne4 21. Qd4 Qxd4 22. Nxd4 Nf6 23. Nf5 Kh7 24. c3 g6 25. Nd6 Rc7 26. Re7 Rxe7 27. Rxe7 Kg8 28. Rxb7 a6 29. f3 Ne8 30. Rd7 Nxd6 31. Rxd6 Rb8 32. b4 Rc8 33. Rxd5 Rxc3 34. Ra5 Rc6 35. a4 Rc1+ 36. Kf2 Rb1 37. b5 axb5 38. Rxb5 Ra1 39. a5 Kg7 40. Kg3 h5 41. Kh4 Kh6 42. g4 hxg4 43. hxg4 f6 44. Kg3 g5 45. Rf5 Kg6 46. Kf2 Ra3 47. Ke2 Kf7 48. Kd2 Ke6 49. Kc2 Ra4 50. Kb3 Ra1 51. Kb4 Rb1+ 52. Ka4 Ra1+ 53. Kb5 Rb1+ 54. Ka6 Rb3 55. Ka7 Kf7 56. a6 Ke6 57. Ka8 Kf7 58. Rc5 Rxf3 59. Rc7+ Kg6 60. Kb8 Ra3 61. a7 f5 62. Rc6+ Kf7 63. gxf5 g4 64. a8Q Rxa8+ 65. Kxa8 1-0

[Event "Steinfurt Bezirksliga 0506"]
[Site "Germany"]
[Date "2005.10.29"]
[Round "2.5"]
[White "Freitag, Michael"]
[Black "Gildehaus, Simon"]
[Result "0-1"]
[WhiteElo "1243"]
[BlackElo "1517"]
[PlyCount "60"]
[EventDate "2005.09.24"]
[EventType "team-tourn"]
[EventRounds "9"]
[EventCountry "GER"]
[SourceTitle "EXT 2006"]
[Source "ChessBase"]
[SourceDate "2005.11.24"]
[SourceVersion "1"]
[SourceVersionDate "2005.11.24"]
[SourceQuality "1"]
[WhiteTeam "Steinfurt II"]
[BlackTeam "Falke Saerbeck III"]
[WhiteTeamCountry "GER"]
[BlackTeamCountry "GER"]

1. d4 d5 2. e3 Nf6 3. Bd3 Bg4 4. f3 Bh5 5. Ne2 Nbd7 6. 0-0 e5 7. Ng3 Bg6 8. f4 Bxd3 9. Qxd3 e4 10. Qe2 Bd6 11. Rf2 Nb6 12. b3 c6 13. c4 Bc7 14. a4 h5 15. Ba3 Ng4 16. Rf1 Qh4 17. h3 Qxg3 18. hxg4 hxg4 19. Qe1 Qh2+ 20. Kf2 g3+ 21. Ke2 Qxg2+ 22. Kd1 Rh2 23. Nd2 dxc4 24. Rc1 cxb3 25. Rg1 Qh3 26. Rxg3 Qh5+ 27. Nf3 exf3 28. Qb4 f2+ 29. Kd2 f1Q+ 30. Kc3 Nd5+ 0-1

[Event "Steinfurt Bezirksklasse 0304"]
[Site "Germany"]
[Date "2004.03.20"]
[Round "8.1"]
[White "Gildehaus, Simon"]
[Black "Keller, Hansjuergen"]
[Result "1/2-1/2"]
[WhiteElo "1521"]
[BlackElo "1626"]
[PlyCount "34"]
[EventDate "2003.09.27"]
[EventType "team-tourn"]
[EventRounds "11"]
[EventCountry "GER"]
[SourceTitle "EXT 2005"]
[Source "ChessBase"]
[SourceDate "2004.11.15"]
[SourceVersion "1"]
[SourceVersionDate "2004.11.15"]
[SourceQuality "1"]
[WhiteTeam "Saerbeck Falke III"]
[BlackTeam "Nordwalde II"]
[WhiteTeamCountry "GER"]
[BlackTeamCountry "GER"]

1. e4 d5 2. exd5 Qxd5 3. Nc3 Qa5 4. Bc4 c6 5. d4 Bf5 6. Nf3 Nf6 7. 0-0 e6 8. Re1 Be7 9. Bd3 Bxd3 10. Qxd3 Nbd7 11. Bd2 Qc7 12. Ne5 Rd8 13. Qe2 0-0 14. Bf4 Qb6 15. Qd2 Nxe5 16. Bxe5 Ng4 17. Na4 Qb5 1/2-1/2

[Event "Steinfurt Bezirksklasse 0304"]
[Site "Germany"]
[Date "2004.01.10"]
[Round "5.1"]
[White "Gildehaus, Simon"]
[Black "Koelking, Helmut"]
[Result "0-1"]
[WhiteElo "1521"]
[BlackElo "1398"]
[PlyCount "70"]
[EventDate "2003.09.27"]
[EventType "team-tourn"]
[EventRounds "11"]
[EventCountry "GER"]
[SourceTitle "EXT 2005"]
[Source "ChessBase"]
[SourceDate "2004.11.15"]
[SourceVersion "1"]
[SourceVersionDate "2004.11.15"]
[SourceQuality "1"]
[WhiteTeam "Saerbeck Falke III"]
[BlackTeam "Steinfurt III"]
[WhiteTeamCountry "GER"]
[BlackTeamCountry "GER"]

1. e4 c5 2. Nc3 Nc6 3. f4 e6 4. Nf3 Bd6 5. d3 Nge7 6. Be2 0-0 7. Be3 b6 8. 0-0 f5 9. e5 Bc7 10. d4 cxd4 11. Nxd4 Bb7 12. Ndb5 Rc8 13. Nxc7 Rxc7 14. Nb5 Nd5 15. Bd2 Rc8 16. c4 Ndb4 17. a3 Na6 18. b4 Nc7 19. Nd6 Rb8 20. Be3 Ne8 21. c5 Nxd6 22. cxd6 Qe8 23. b5 Nd8 24. Bf3 Bxf3 25. Rxf3 Nf7 26. Bf2 Kh8 27. Rc1 Rc8 28. Rfc3 Rxc3 29. Rxc3 g5 30. Qh5 gxf4 31. Rh3 h6 32. Qg6 Qc8 33. g3 Qc1+ 34. Kg2 f3+ 35. Kxf3 Nxe5+ 0-1

[Event "Steinfurt Bezirksklasse 0304"]
[Site "Germany"]
[Date "2003.10.11"]
[Round "2.2"]
[White "Gildehaus, Simon"]
[Black "Krueler, Andreas"]
[Result "1/2-1/2"]
[WhiteElo "1521"]
[BlackElo "1282"]
[PlyCount "69"]
[EventDate "2003.09.27"]
[EventType "team-tourn"]
[EventRounds "11"]
[EventCountry "GER"]
[SourceTitle "EXT 2005"]
[Source "ChessBase"]
[SourceDate "2004.11.15"]
[SourceVersion "1"]
[SourceVersionDate "2004.11.15"]
[SourceQuality "1"]
[WhiteTeam "Saerbeck Falke III"]
[BlackTeam "Steinfurt IV"]
[WhiteTeamCountry "GER"]
[BlackTeamCountry "GER"]

1. e4 e5 2. Nf3 Nc6 3. Bb5 Qf6 4. 0-0 Nd4 5. Nxd4 exd4 6. c3 c6 7. Ba4 Bc5 8. d3 Ne7 9. Qh5 Bb6 10. Bg5 Qg6 11. Qh4 f6 12. Bd2 0-0 13. Bd1 Qe8 14. cxd4 Bxd4 15. Bc3 Bxc3 16. Nxc3 Ng6 17. Qg3 Qe5 18. Qxe5 Nxe5 19. Be2 d6 20. f4 Nf7 21. b4 b5 22. a4 Ba6 23. axb5 Bxb5 24. Nxb5 cxb5 25. Ra5 Rfc8 26. Rxb5 Rab8 27. Rxb8 Rxb8 28. Rc1 g5 29. fxg5 fxg5 30. Rc7 Rxb4 31. Rxa7 Ne5 32. Kf2 Rb2 33. Ke3 Rc2 34. Ra6 Nf7 35. Ra3 1/2-1/2

[Event "Muensterland Verbandsklasse-B 0203"]
[Site "Muensterland"]
[Date "2002.11.09"]
[Round "2.7"]
[White "Kadenbach, Wolfgang"]
[Black "Gildehaus, Simon"]
[Result "0-1"]
[WhiteElo "1755"]
[BlackElo "1606"]
[PlyCount "82"]
[EventDate "2002.09.28"]
[EventType "team"]
[EventRounds "9"]
[EventCountry "GER"]
[SourceTitle "EXT 2004"]
[Source "ChessBase"]
[SourceDate "2003.11.25"]
[SourceVersion "1"]
[SourceVersionDate "2003.11.25"]
[SourceQuality "1"]
[WhiteTeam "Raesfeld Erle"]
[BlackTeam "Saerbeck Falke II"]
[WhiteTeamCountry "GER"]
[BlackTeamCountry "GER"]

1. d4 d5 2. c4 e6 3. Nc3 Nf6 4. Nf3 h6 5. e3 c5 6. Be2 cxd4 7. exd4 b6 8. cxd5 exd5 9. 0-0 Bd6 10. Bb5+ Bd7 11. Re1+ Be7 12. Qe2 a6 13. Bxd7+ Qxd7 14. Na4 Ra7 15. Nxb6 Qc6 16. Bxh6 0-0 17. Nxd5 Nxd5 18. Bd2 Bf6 19. Rec1 Qd7 20. Qd3 Qe6 21. Rc5 Rd8 22. Ba5 Qd6 23. Bxd8 Qxd8 24. Rac1 Rc7 25. Qc4 Rxc5 26. Qxc5 Nf4 27. Kf1 Nd3 28. Qc4 Nxc1 29. Qxc1 Bxd4 30. Nxd4 Qxd4 31. g3 Qd3+ 32. Kg1 Nd7 33. Qc8+ Kh7 34. Qb7 f6 35. a3 Ne5 36. Kg2 Qe2 37. b3 Nd3 38. Qb6 Ne1+ 39. Kg1 Nf3+ 40. Kg2 Nd2 41. a4 Qf1# 0-1